• 首页
  • 本馆介绍
  • 公告通知
  • 最新文献
  • 馆藏检索
  • 电子资源
  • 读者导购
  • 参考咨询
  • 我的图书馆
  • 登录
  • 详细信息显示
  • 放入我的书架
  • 预约/预借图书
  • 作者相关作品
  • 分类相关作品
  • 丛书相关作品
  • 出版社相关作品

书目信息

  • 表格格式
  • 工作单格式
  • 卡片格式
题名:
中国明清油画
    
 
作者: 胡光华 编著
分册:  
出版信息: 长沙   湖南美术出版社  2001
页数: 122页
开本: 29cm
丛书名:
单 册:
中图分类: J213.092.48 , J223
科图分类:
主题词: 油画--绘画史--中国--明清时代 , 油画--中国--明清时代--画册 , 油画 , 绘画史
电子资源:
ISBN: 7-5356-1604-6
000 00990nam0 2200277 450
001 1253874788
005 20121019145835.98
010    @a7-5356-1604-6@dCNY88.00
100    @a20020531d2001 em y0chiy0110 ea
101 0  @achi
102    @aCN@b430000
105    @aa z 000yd
200 1  @a中国明清油画@Azhong guo ming qing you hua@f胡光华编著
210    @a长沙@c湖南美术出版社@d2001
215    @a122页@d29cm
314    @a胡光华,江西南昌市人,华南师范大学教授、美术学博士、硕士研究生导师,合著有《中国近代美术史》、著有《明清中国绘画大师研究·八大山人》。
330    @a本书系统的研究、考证、分析了明清油画发展的历程,同时对精选的一百多件各个时期的代表性油画加以甄别、考证,对具体作品进行了赏析。
606 0  @a油画@x绘画史@y中国@z明清时代
606 0  @a油画@y中国@z明清时代@j画册
606 0  @a油画
606 0  @a绘画史
690    @aJ213.092.48@v4
690    @aJ223@v4
701  0 @a胡光华@Ahu guang hua@4编著
801  0 @aCN@bNLC@c20101222
905    @a10447@dJ213.092.48@eJY334
    
    中国明清油画/胡光华编著.-长沙:湖南美术出版社,2001
    122页;29cm
    
    
    ISBN 7-5356-1604-6:CNY88.00
    本书系统的研究、考证、分析了明清油画发展的历程,同时对精选的一百多件各个时期的代表性油画加以甄别、考证,对具体作品进行了赏析。
●
相关链接 在E读中查询图书 在五车中查询图书 在当当中查询图书 在豆瓣中查询图书


正题名:中国明清油画     索取号:J213.092.48/JY334         预约/预借

序号 登录号 条形码 馆藏地/架位号 状态 备注
1 7833300   278333000   学院路分馆/ [索取号:J213.092.48/JY334] 在馆    
欢迎您!
大连网信软件有限公司© 版权所有